000 00628nam a2200241Ia 4500
003 OSt
005 20220924124621.0
006 a|||||r|||| 00| 0
007 ta
008 220923b |||||||| |||| 00| 0 urd d
020 _c150
024 _a268461
037 _cTextual
040 _aARTS
_cARTS
_burd
041 _2urd
_aurd
082 _aO168,1N124x, P6
100 _aMoin Ahsan Jazbi
245 0 _aKalyaat-e-Jazhi
260 _aNew Delhi
_b Sahitya Akademi India
_c2006
650 _aURDU POETRY
942 _hO168,1N124x, P6
_cTEXL
_2CC
999 _c420234
_d420234